| 000 | 00992nam0a22002891 4500 | ||
|---|---|---|---|
| 001 | rc\3288259 | ||
| 005 | 20250609204329.0 | ||
| 021 |
_aRU _b[74-101155] |
||
| 035 | _a(NLR Aleph) 007495337 | ||
| 090 |
_a7647368 _c7647368 |
||
| 100 | _a20130115d1974 |||y0rusy50 ca | ||
| 101 | 0 | _arus | |
| 102 | _aRU | ||
| 105 | _aa z ||||| | ||
| 200 | 1 | _aМашины для очистки и изоляции трубопроводов | |
| 210 |
_aМосква _cНедра _d1974 |
||
| 215 |
_a208 с. _cил. _d22 |
||
| 320 | _aСписок лит.: с. 206 (14 назв.) | ||
| 606 |
_aТрубоочистительные машины _2psbo |
||
| 606 |
_aИзоляционные машины _2psbo |
||
| 606 |
_aТрубопроводы магистральные _xЗащита от коррозии _2psbo |
||
| 700 | 1 |
_aШагов _bН.П. _gНиколай Петрович |
|
| 801 | 0 |
_aRU _bNLR _gpsbo |
|
| 801 | 1 |
_aRU _bELAR _2rusmarc |
|
| 852 |
_aNLR _j74-5/4499 |
||
| 942 | _cBOOK | ||
| 980 | _aNB | ||